banner-ar

وداعا يا حلوتى / (Record no. 55682)

MARC details
000 -الفاتح
حقل البيانات ثابتة الطول 00638nam a2200217Ia 4500
008 - عناصر البيانات ثابتة الطول - معلومات عامة
حقل البيانات ثابتة الطول 140319s9999 xx 000 0 ara d
040 ## - مصدر الفهرسة
وكالة الفهرسة الأصلية GCL /
وكالة النسخ GCL
082 04 - رقم تصنيف ديوى العشرى
رقم التصنيف 823
رقم المادة م و
100 1# - المدخل الرئيسى - إسم شخصى
الإسم الشخصى سيمون، جورج
245 10 - بيان العنوان
العنوان وداعا يا حلوتى /
بيان المسئوليه,etc سيمون، جورج
700 1# - المدخل الاضافى - اسم شخصى
الإسم الشخصى شاندلر، ريمون
260 ## - PUBLICATION, DISTRIBUTION, ETC. (IMPRINT)
تاريخ النشر أو التوزيع 936
300 ## - الوصف المادى
التعداد 360 ص
490 ## - بيان السلسلة
عنوان السلسلة السلسلة البوليسية
رقم المجلد/ التعيين التسلسلي 0
650 04 - المدخل الاضافى بالموضوع-مصطلح موضوعى
مصطلح موضوعي القصص البوليسية
650 04 - المدخل الاضافى بالموضوع-مصطلح موضوعى
مصطلح موضوعي القصص
650 04 - المدخل الاضافى بالموضوع-مصطلح موضوعى
مصطلح موضوعي شاندلر , ريمون
650 04 - المدخل الاضافى بالموضوع-مصطلح موضوعى
مصطلح موضوعي سيمونون , جورج
942 ## - عناصر المدخل الإضافي( كوها)
مصدر التصنيف او مخطط الترفيف Dewey Decimal Classification
Koha [default] item type كتاب
260 ## - PUBLICATION, DISTRIBUTION, ETC. (IMPRINT)
-- [S.N] :
-- صوت الناس ،
Holdings
حالة التراجع حالة الفقد حالة تلف ليس للاعارة المكان المؤقت الموقع الحالى تاريخ الاكتساب اجمالي اﻻعارات رقم الطلب الباركود تاريخ اخر مشاهدة تاريخ تفعيل السعر نوع وعاء كوها
        مكتبة القاهرة الكبرى مكتبة القاهرة الكبرى 03/26/2014   823\م و 133714 03/26/2014 03/26/2014 كتاب

Powered By

EGPV